| 000 | 00701nam a2200157Ia 4500 | ||
|---|---|---|---|
| 008 | 151213s9999 xx 000 0 und d | ||
| 082 |
_a338.9 _b338.9 |
||
| 100 | _aপরিকল্পনা মন্ত্রণ ালয় | ||
| 245 |
_aপঞ্চম পঞ্চ বার্ষিক পরিকল্পনা - ১৯৯৭-২০০৮ _cপরিকল্পনা মন্ত্রণ ালয় |
||
| 260 |
_aঢাকা _bপরিকল্পন্ ামন্ত্রণালয়। _c1998 |
||
| 300 | _a6395 p. | ||
| 650 | _aReference | ||
| 650 | _aStatistics Report : Reference | ||
| 700 | _aপরিকল্পনা মন্ত্রণ ালয় | ||
| 999 |
_c3529 _d3529 |
||